000
00269 a2200121 4500
001
121845
020
_a
8573380683
040
_c
Escola Canadense de Niteroi
090
_a
S2
245
1
0
_a
O Sr. Bicalho é Bom de Pesca
650
4
_a
Children's Literature
942
_c
BK
999
_c
121845
_d
121845